000 00420nam a2200145Ia 4500
008 090124s9999 xx 000 0 und d
082 _b206840
245 _a पढाई का महत्व
250 _a1
260 _bमालविय विनय कुमार
_c2001
300 _a24
630 _a पढाई का महत्व
730 _a पढाई का महत्व
942 _cBOOK
999 _c188836
_d188836